000 00341 a2200169 4500
001 188089
020 _a978-85-260-1209-7
040 _cMagnum
100 _aNeves, André
240 1 0 _aCasulos
_lpor
245 1 0 _aCasulos
300 _a24
362 0 _a2007
440 1 _aGlobal
697 _aLITERATURA INFANTO-JUVENIL
942 _cBK
999 _c188089
_d188089